Complying with regulations (Record no. 74880)

MARC details
000 -LEADER
fixed length control field 01254cam a2200229 4500
001 - CONTROL NUMBER
control field ABS68698
008 - FIXED-LENGTH DATA ELEMENTS--GENERAL INFORMATION
fixed length control field 050304n2005 000 0 eng u
035 ## - SYSTEM CONTROL NUMBER
System control number (Sirsi) u128946
100 ## - MAIN ENTRY--PERSONAL NAME
Personal name Walker, D.
245 ## - TITLE STATEMENT
Title Complying with regulations
260 ## - PUBLICATION, DISTRIBUTION, ETC.
Date of publication, distribution, etc. 2005
490 ## - SERIES STATEMENT
Series statement Building Control
Volume/sequential designation March 2005, 17-19(3)
520 ## - SUMMARY, ETC.
Summary, etc. Examines the Building (Scotland) Act 2003 which will soon replace legislation controlling the construction of buildings in Scotland. In 1992 regulations permitting the self-certification of structural design were introduced but the self certification option will be removed by the new regulations. The Act introduces the option of certification of compliance with the Building (Scotland) Regulations 2004. This certification is rooted in the principle that suitably qualified and experienced building professionals can be made responsible for ensuring compliance with the Building Regulations. All legislation and guidance is published online at www.sbsa.gov.uk.
590 ## - LOCAL NOTE (RLIN)
Local note ABS
650 ## - SUBJECT ADDED ENTRY--TOPICAL TERM
Topical term or geographic name entry element CERTIFIERS
650 ## - SUBJECT ADDED ENTRY--TOPICAL TERM
Topical term or geographic name entry element VERIFIERS
650 ## - SUBJECT ADDED ENTRY--TOPICAL TERM
Topical term or geographic name entry element BUILDING (SCOTLAND) ACT 2003
650 ## - SUBJECT ADDED ENTRY--TOPICAL TERM
Topical term or geographic name entry element BUILDING (SCOTLAND) REGULATIONS 2004
650 ## - SUBJECT ADDED ENTRY--TOPICAL TERM
Topical term or geographic name entry element SCOTLAND
690 ## - LOCAL SUBJECT ADDED ENTRY--TOPICAL TERM (OCLC, RLIN)
Topical term or geographic name as entry element BUILT ENVIRONMENT-BUILDING STANDARDS
942 ## - ADDED ENTRY ELEMENTS (KOHA)
Suppress in OPAC 0
Holdings
Withdrawn status Lost status Source of classification or shelving scheme Damaged status Not for loan Home library Current library Shelving location Date acquired Total Checkouts Full call number Barcode Date last seen Copy number Price effective from Koha item type
    Dewey Decimal Classification     London London Journal article 04/03/2005   ABS68698 128946-1001 06/08/2019 1 06/08/2019 Journal article